The romantic conflict / (Record no. 54426)
[ view plain ]
| 000 -LEADER | |
|---|---|
| fixed length control field | 00745nam a2200241 a 4500 |
| 001 - CONTROL NUMBER | |
| control field | 54426 |
| 003 - CONTROL NUMBER IDENTIFIER | |
| rucl marc code | BD-RjUL |
| 005 - DATE AND TIME OF LATEST TRANSACTION | |
| control field | 20211209080122.0 |
| 008 - FIXED-LENGTH DATA ELEMENTS--GENERAL INFORMATION | |
| fixed length control field | 161106s1963 enk||||| |||| 001 0 eng d |
| 035 ## - SYSTEM CONTROL NUMBER | |
| System control number | (BD-RjUL) 54548 |
| 040 ## - CATALOGING SOURCE | |
| Modifying agency | BD-RjUL |
| Original cataloging agency | BD-RjUL |
| Language of cataloging | eng |
| Transcribing agency | BD-RjUL |
| 041 ## - LANGUAGE CODE | |
| Language code of text/sound track or separate title | eng |
| 082 ## - DEWEY DECIMAL CLASSIFICATION NUMBER | |
| Edition number | 23 |
| Classification number | 821.7 |
| Author mark and year | ROR 1963 |
| 100 1# - MAIN ENTRY--PERSONAL NAME | |
| Personal name | Rodway, Allan Edwin. |
| 9 (RLIN) | 162427 |
| 245 14 - TITLE STATEMENT | |
| Title | The romantic conflict / |
| Statement of responsibility, etc. | Allan Rodway |
| 260 ## - PUBLICATION, DISTRIBUTION, ETC. (IMPRINT) | |
| Place of publication, distribution, etc. | London : |
| Name of publisher, distributor, etc. | Chatto & Windus, |
| Date of publication, distribution, etc. | 1963 |
| 300 ## - PHYSICAL DESCRIPTION | |
| Pagination | x, 256 p. ; |
| Size | 23 cm |
| 500 ## - GENERAL NOTE | |
| General note | Includes index |
| 650 #0 - SUBJECT ADDED ENTRY--TOPICAL TERM | |
| Topical term or geographic name as entry element | Romanticism |
| Geographic subdivision | England |
| 9 (RLIN) | 162428 |
| Topical term or geographic name as entry element | English poetry |
| Chronological subdivision | 18th century |
| General subdivision | History and criticism |
| 9 (RLIN) | 162429 |
| Topical term or geographic name as entry element | English poetry |
| Chronological subdivision | 19th century |
| General subdivision | History and criticism |
| 9 (RLIN) | 161376 |
| 942 ## - ADDED ENTRY ELEMENTS (KOHA) | |
| Source of classification or shelving scheme | Dewey Decimal Classification |
| Koha item type | Books |
| Lost status | Source of classification or shelving scheme | Damaged status | Not for loan | Collection code | Permanent Location | Current Location | Shelving location | Date acquired | Source of acquisition | Cost, normal purchase price | Total Checkouts | Full call number | Date last seen | Copy number | Koha item type |
|---|---|---|---|---|---|---|---|---|---|---|---|---|---|---|---|
| Dewey Decimal Classification | Non-fiction | Central Library, University of Rajshahi | Central Library, University of Rajshahi | 07/03/1964 | Zeithinger | 60.00 | 821.7 ROR 1963 | 06/11/2016 | C-2 | Books |